International and development communication : a 21st-century perspective / (Record no. 1608)

000 -LEADER
fixed length control field 01342cam a22003374a 4500
001 - CONTROL NUMBER
control field 13110673
003 - CONTROL NUMBER IDENTIFIER
control field OSt
005 - DATE AND TIME OF LATEST TRANSACTION
control field 20150410093017.0
008 - FIXED-LENGTH DATA ELEMENTS--GENERAL INFORMATION
fixed length control field 030304s2003 caua b 001 0 eng
010 ## - LIBRARY OF CONGRESS CONTROL NUMBER
LC control number 2003005218
020 ## - INTERNATIONAL STANDARD BOOK NUMBER
International Standard Book Number 0761929010 (pbk.)
040 ## - CATALOGING SOURCE
Original cataloging agency DLC
Transcribing agency DLC
Modifying agency DLC
042 ## - AUTHENTICATION CODE
Authentication code pcc
043 ## - GEOGRAPHIC AREA CODE
Geographic area code d------
050 00 - LIBRARY OF CONGRESS CALL NUMBER
Classification number P96.I5I4 2003
082 00 - DEWEY DECIMAL CLASSIFICATION NUMBER
Classification number 302.2
Edition number 21
245 00 - TITLE STATEMENT
Title International and development communication : a 21st-century perspective /
Statement of responsibility, etc Bella Mody, editor
260 ## - PUBLICATION, DISTRIBUTION, ETC. (IMPRINT)
Place of publication, distribution, etc Thousand Oaks [Calif.] :
Name of publisher, distributor, etc Sage Publications,
Date of publication, distribution, etc c2003.
300 ## - PHYSICAL DESCRIPTION
Extent xi, 304 p :
Other physical details ill. ;
Dimensions 26 cm.
504 ## - BIBLIOGRAPHY, ETC. NOTE
Bibliography, etc Includes bibliographical references and indexes.
650 #0 - SUBJECT ADDED ENTRY--TOPICAL TERM
Topical term or geographic name as entry element Communication, International.
650 #0 - SUBJECT ADDED ENTRY--TOPICAL TERM
Topical term or geographic name as entry element Communication
Geographic subdivision Developing countries.
650 #0 - SUBJECT ADDED ENTRY--TOPICAL TERM
Topical term or geographic name as entry element Intercultural communication.
700 1# - ADDED ENTRY--PERSONAL NAME
Personal name Mody, Bella.
856 41 - ELECTRONIC LOCATION AND ACCESS
Materials specified Table of contents only
Uniform Resource Identifier <a href="http://www.loc.gov/catdir/toc/ecip041/2003005218.html">http://www.loc.gov/catdir/toc/ecip041/2003005218.html</a>
856 42 - ELECTRONIC LOCATION AND ACCESS
Materials specified Publisher description
Uniform Resource Identifier <a href="http://www.loc.gov/catdir/enhancements/fy0658/2003005218-d.html">http://www.loc.gov/catdir/enhancements/fy0658/2003005218-d.html</a>
856 42 - ELECTRONIC LOCATION AND ACCESS
Materials specified Contributor biographical information
Uniform Resource Identifier <a href="http://www.loc.gov/catdir/enhancements/fy0734/2003005218-b.html">http://www.loc.gov/catdir/enhancements/fy0734/2003005218-b.html</a>
906 ## - LOCAL DATA ELEMENT F, LDF (RLIN)
a 7
b cbc
c orignew
d 1
e ecip
f 20
g y-gencatlg
942 ## - ADDED ENTRY ELEMENTS (KOHA)
Source of classification or shelving scheme
Koha item type Book
Holdings
Withdrawn status Lost status Source of classification or shelving scheme Damaged status Not for loan Home library Current library Shelving location Date acquired Total Checkouts Full call number Barcode Date last seen Copy number Price effective from Koha item type Date checked out
          Riara University Library Riara University Library General stack 10/04/2015   P96.I5I4 2003 5505/15 10/04/2015 C.1 10/04/2015 Book  
          Riara University Library Riara University Library General stack 03/02/2016 1 P96.I5I4 2003 6251/15 04/02/2020 C.2 03/02/2016 Book 13/01/2020

Riara University Library,
P.O. Box 49940-00100,
Nairobi, Kenya.